[Event "Olympiad-33"]
[Site "Elista"]
[Date "1998.09.30"]
[Round "2.1"]
[White "Stefansson, Hannes"]
[Black "Nikolic, Predrag"]
[Result "0-1"]
[WhiteElo "2535"]
[BlackElo "2640"]
[Annotator "Psakhis,L"]
[PlyCount "74"]
[EventDate "1998.09.29"]
[EventType "team-swiss"]
[EventRounds "13"]
[EventCountry "RUS"]
[SourceTitle "CBM 068"]
[Source "ChessBase"]
[SourceDate "1999.02.01"]
[SourceVersion "1"]
[SourceVersionDate "1999.02.01"]
[SourceQuality "1"]
[WhiteTeam "Iceland"]
[BlackTeam "Bosnia&Herzegovina"]
[WhiteTeamCountry "ISL"]
[BlackTeamCountry "BIH"]

1. e4 e6 2. d4 d5 3. Nc3 Bb4 4. e5 Ne7 5. a3 Bxc3+ 6. bxc3 c5 7. Qg4 Kf8 {
Predrag Nikolic likes this risky move, he played it many times and as usual
with success.} 8. Bd2 Qc7 $5 (8... b6 9. h4 Ba6 10. Bxa6 Nxa6 11. h5 h6 12. Qe2
Nb8 13. g4 Nbc6 14. dxc5 bxc5 15. f4 Qb6 16. Nf3 Rb8 $13 {1-0 Spence,D-Garner,
D/Witley rated 1998 (52)}) 9. Nf3 {N/ Novelty, usually white tryed to defend
pawn, with bishop} (9. Bd3 b6 10. Nf3 (10. h4 Ba6 11. h5 h6 12. Rh3 Bxd3 13.
cxd3 Nbc6 14. Ne2 Kg8 15. Rf3 Rf8 16. Rf4 Na5 17. Rd1 c4 $11 {0-1 Goloshchapov,
A-Drozdovskij,Y/UKR-ch Alushta 1998 (36)}) 10... Ba6 11. dxc5 bxc5 12. Bxa6
Nxa6 13. c4 Qc6 14. cxd5 exd5 15. O-O h6 16. Rfe1 Qe6 17. Qa4 Kg8 18. Rab1 $14
{1/2-1/2 Timman,J-Nikolic,P/Pula 1997/EXP 57 (38)}) ({or with rook.} 9. Rc1 Qa5
$5 10. h4 Qxa3 11. h5 h6 12. Rh3 c4 13. Rf3 Nbc6 14. Rf4 b5 15. Qf3 Nd8 16. g4
Ke8 $17 {1-0 Polgar,J-Nikolic,P/Linares 1997/CBM 57 (59)}) 9... cxd4 10. cxd4
Qxc2 11. Rc1 Qg6 (11... Qe4+ 12. Qxe4 dxe4 13. Ng5 Nbc6 14. Nxe4 $5 Nxd4 15.
Bb4 Ndc6 16. Bd6 $44) 12. Qh3 ({Deserves attention} 12. Qxg6 $5 hxg6 13. Rc7
Nbc6 14. Bb5 Ke8 $140 15. Bb4 $36 {[%csl Gb4,Gb5,Gc7][%cal Rf3g5] with
compensation.}) 12... Nbc6 13. Ng5 $5 {[%csl Rf8][%cal Gf1d3,Gf1e2,Ge2h5]} f6
$1 14. exf6 gxf6 15. Bd3 Nf5 16. Nf3 Rg8 {Avoid trap-} (16... e5 $2 17. dxe5
fxe5 18. Nxe5 $1 Nxe5 $140 19. Rxc8+ Rxc8 20. Bxf5 Qb6 21. Bb4+ Qxb4+ 22. axb4
Rc1+ 23. Kd2 Rxh1 24. Qh6+ $18) 17. O-O Qg4 $1 {Again} (17... e5 $6 {doesn,t
work well, but now for another reason} 18. dxe5 fxe5 (18... Nxe5 19. Nxe5 fxe5
20. Rxc8+ $1 $18) 19. Rxc6 $1 ({now} 19. Nxe5 $2 {lead to black,s favour} Nxe5
20. Rxc8+ Rxc8 21. Bxf5 Qxg2+ $1 22. Qxg2 Nf3+ 23. Kh1 Rxg2 24. Kxg2 Nh4+ 25.
Kg3 Nxf5+ 26. Kf4 Ne7 $17) 19... bxc6 20. Nxe5 Qe6 (20... Qf6 21. Qxh7 Ne7 (
21... Qxe5 22. Bxf5 Rxg2+ 23. Kxg2 Bxf5 24. Bh6+ Ke8 25. Qg8+ $18) 22. Re1 $1
$18 {[%csl Rf8][%cal Rd2h6,Rd2b4]}) 21. Qxh7 Rg7 22. Bb4+ Nd6 (22... Ke8 23.
Qh8+ Rg8 24. Qh5+ Kd8 25. Nf7+ Kc7 26. Ba5+ Kb8 27. Rb1+ Bb7 28. Bxf5 $18)) 18.
Qxg4 Rxg4 19. h3 Rg8 20. Bxf5 exf5 21. Rc5 Kf7 22. Rxd5 {From the first look
white is compleatly OK, they took back pawn, black pawns on the king,s side
are ruined, but...black bishop is much stronger then his white colleague, and
pressure on g line very unpleasand for white.} Be6 23. Rb5 (23. Rc5 Rad8 24.
Rb1 Rd7 $15) 23... Ne7 $1 24. Rxb7 (24. Re1 b6 {[%csl Ge6,Rg1]}) 24... Bd5 25.
Rc7 (25. Rxe7+ Kxe7 26. Nh4 Kd7 $1 $17) 25... Bxf3 26. Re1 Rae8 (26... Rxg2+
27. Kf1 Re8) 27. Bb4 (27. g3 $2 Be4 $1) 27... Rxg2+ 28. Kf1 Rh2 29. Rexe7+ Rxe7
30. Rxe7+ Kg6 31. Ke1 Rxh3 32. Rxa7 h5 $17 {[%csl Gh5][%cal Rh5h1]} 33. Kd2 (
33. Bf8 f4) 33... h4 34. Be7 Rh1 35. Ra6 (35. Ke3 Bd5 36. Rd7 Re1+ 37. Kd2 Rxe7
$1 38. Rxd5 (38. Rxe7 h3 39. Re1 h2 40. Ke3 h1=Q 41. Rxh1 Bxh1 42. f3 Bg2 $19)
38... h3 39. Rc5 {[%tqu "En","Try to find easy way to victory","","","e7e1","",
10]} Re1 $1) 35... Kf7 $1 {Finish game immediately.} 36. Ke3 (36. Bxf6 h3 37.
Be5 h2 38. Bxh2 Rxh2 39. Ke3 Be4 $19) 36... Bb7 37. Ra7 Re1+ 0-1

[Event "Corus"]
[Site "Wijk aan Zee"]
[Date "2000.01.30"]
[Round "13"]
[White "Anand, Viswanathan"]
[Black "Lputian, Smbat G"]
[Result "1-0"]
[WhiteElo "2769"]
[BlackElo "2605"]
[Annotator "Psakhis,L"]
[PlyCount "121"]
[EventDate "2000.01.15"]
[EventType "tourn"]
[EventRounds "13"]
[EventCountry "NED"]
[EventCategory "18"]
[SourceTitle "CBM 075"]
[Source "ChessBase"]
[SourceDate "2000.04.05"]
[SourceVersion "1"]
[SourceVersionDate "2000.04.05"]
[SourceQuality "1"]

1. e4 {Hecht} e6 2. d4 d5 3. Nc3 Bb4 4. e5 c5 5. a3 Ba5 {Brave Lputian doesn't
afraid to test his favourite risky variant even against Anand} 6. b4 cxd4 7.
Nb5 Bc7 8. f4 Bd7 9. Nxc7+ $5 ({Black showed good results in modern practise
after} 9. Nf3 Bxb5 $5 10. Bxb5+ Nd7) 9... Qxc7 10. Nf3 {Exact order of moves.
White don't need to be in hurry in the definition of the black-squared
position.} (10. Bb2 Ba4 11. Bd3 Nc6 12. Nf3 Nge7 13. O-O a6 14. Qe2 Qb6 15. Qf2
Bb5 16. Bxd4 Nxd4 17. Nxd4 Bxd3 18. cxd3 Rc8 19. Rac1 O-O 20. g3 h6 21. Kg2
Rfd8 22. Kg1 a5 23. bxa5 Qxa5 24. Qb2 Qa6 {Hall,J-Vaganian,R/BL 9900 2000/0-1 
(45)}) 10... a6 $146 {[%cal Gd7b5]} (10... Ba4 $5 11. Ra2 (11. Bd3 $142 $5)
11... Nc6 12. Bd3 Nh6 13. Bb2 Nf5 14. Qd2 Qb6 15. Bxf5 exf5 16. Bxd4 Qb5 17. e6
fxe6 18. Bxg7 Rg8 19. Bd4 Qc4 20. c3 Rg4 21. Rb2 Rc8 22. Kf2 Nxd4 23. cxd4 Qc3
24. Qe2 Kd8 25. g3 {Van den Doel,E-Barsov,A/Dieren op 1998/1/2-1/2 (58)}) (
10... a5 11. Bd2 $1 axb4 12. axb4 Rxa1 13. Qxa1 Nh6 14. Bd3 Nf5 15. Nxd4 Nxd4
16. Qxd4 Nc6 17. Qf2 O-O 18. O-O Ne7 19. Be3 f5 20. exf6 Rxf6 21. Bd4 Rf7 22.
Be5 Qc8 23. Qh4 h6 24. Rf3 $16 {1-0 Novik,M-Lputian,S/Alekhin mem.op 1992 (62)}
) 11. a4 $1 {Surely not allow bishop exchange} Ne7 12. Bd3 Nf5 13. O-O Nc6 14.
Qe1 $44 {[%mdl 4] Black managed to keep pawn on d4 for a long time, but Abnand
proves that initiative is more important than pawn.} Qb6 15. Rb1 {[%cal Gb4b5]}
Nce7 16. b5 axb5 17. axb5 Ne3 18. Rf2 Nc4 19. h3 Nf5 (19... Bxb5 $6 20. Qb4 Ra5
21. Nxd4 Nc6 (21... Qxd4 22. Bxc4 Bxc4 23. Qxa5 $16) 22. Nxc6 bxc6 23. Bxc4
dxc4 24. Be3 Qc7 25. Rd2 $16) 20. Re2 h5 ({Pawn on b5 is still poisoned-} 20...
Bxb5 21. Qb4 Ra5 22. Bd2 Qa7 23. Qb3 $5 (23. Bxc4 Bxc4 24. Qxa5 Qxa5 25. Bxa5
Bxe2 26. Rxb7 O-O) 23... Ba4 24. Qxb7 Qxb7 25. Rxb7 Ra8 26. Bb4 $1 $16 {
[%csl Re8]}) 21. Qf2 Ra4 ({Deserves attention} 21... Nfe3 $13) (21... Bxb5 22.
Bxf5 exf5 23. Nxd4 Ra5 24. Bd2 $1 Nxd2 25. Rxd2 $18) 22. Re1 g6 23. Bxf5 exf5
24. Nxd4 {Finally Anand regain material balance and his advantage is now
obvious.} O-O 25. c3 Rc8 26. Be3 Nxe3 (26... Qa5 27. Nb3 {[%cal Rb3c5]}) 27.
Rxe3 Be6 28. Kh2 {[%csl Gd4,Re6] White will systematically improve now his
position and Black has great troubles in defense.} Ra3 29. Rc1 Rc4 30. Rc2 Kh7
31. Rf3 Qc7 32. Qh4 Qd7 33. Rg3 Ra8 34. Qf6 Re8 {[%cal Gd7e7] Lputian must
exchange queens and in this time White occupied important a line} (34... Qd8
35. Qxd8 Rxd8 36. Ra2 $16) 35. Ra2 $1 {[%cal Ga2a7]} Qe7 36. Qxe7 Rxe7 37. b6
$1 $18 Re8 38. h4 $1 {Now result of the game is more or less clear and the
technical part of the game was greatly conducted by Anand.} Kg7 39. Ra7 Rb8 40.
Kg1 {[%cal Gg1b2] First he brings king to the queen side} Bd7 41. Kf2 Kf8 42.
Ke2 Ke8 43. Kd2 Rcc8 44. Re3 {Now time for rook} Ke7 45. Re1 Bc6 46. Rea1 {
[%cal Ga1a5,Ga5c5]} Bd7 47. R1a5 Be6 48. g3 Kd8 49. Kc2 Ke7 50. Kb2 Kd8 51. Rb5
Rc4 52. Raa5 $1 {[%cal Rb5c5] White plan became clear.Anand prepare rook
exchange on c5 and after this exchange nobody can stop white pieces from
penetration to the enemy's camp.} Rbc8 53. Rb3 Rb8 (53... Kd7 $5 54. Ra7 Rb8)
54. Rb4 $1 Rcc8 (54... Rxb4+ 55. cxb4 Rc8 56. Rc5 Rxc5 57. bxc5 Bd7 58. Kc3 {
[%csl Rd5][%cal Gd4c2,Gc2b4]}) 55. Rbb5 $18 {[%cal Gb5c5]} Ke7 56. Rc5 Kd7 57.
Rxc8 Rxc8 {Hecht: '[#] Riesenspringer gegen schlechten Läufer. Dazu kommt die
Schwäche h7 und das komplett fehlende Gegenspiel von Schwarz. '} 58. Ra7 Rb8
59. Kb3 Kd8 60. Kb4 Kd7 61. Ra5 {[%cal Ga5c5,Gc5c7]} (61. Ra5 {Hecht} Rc8 62.
Rc5 Kd8 63. Rxc8+ Kxc8 64. Kc5 Kd7 65. Nb5 {[%csl Rb7][%cal Rb5d6]} Kc8 66. Kd6
Kd8 67. Nc7 $18) 1-0

[Event "United Insurance 6th"]
[Site "Dhaka"]
[Date "2003.03.17"]
[Round "10"]
[White "Neelotpal, Das"]
[Black "Barsov, Alexei"]
[Result "1/2-1/2"]
[WhiteElo "2406"]
[BlackElo "2525"]
[Annotator "Psakhis,L"]
[PlyCount "64"]
[EventDate "2003.03.08"]
[EventType "tourn"]
[EventRounds "13"]
[EventCountry "BAN"]
[EventCategory "9"]
[SourceTitle "CBM 095"]
[Source "ChessBase"]
[SourceDate "2003.07.25"]
[SourceVersion "1"]
[SourceVersionDate "2003.07.25"]
[SourceQuality "1"]

1. e4 e6 2. d4 d5 3. Nc3 Bb4 4. e5 c5 5. a3 Bxc3+ 6. bxc3 Ne7 7. Qg4 O-O 8. Bd3
Qa5 9. Bd2 Nbc6 10. Qh5 {Quite rare and not very dangerous move for Black.} ({
As usual White continue} 10. Nf3 $5 f5 11. exf6 Rxf6 12. Qh5 Nf5 {and now he
has choice between three intersting moves:} 13. c4 (13. g4) (13. Ne5 $5)) 10...
h6 11. Nf3 ({In the case of} 11. dxc5 {Black continue} b6 $5 {[%cal Gc8a6]
with next Ba6 and good game on the queen side.}) 11... c4 12. Be2 f5 13. exf6
Rxf6 14. g4 ({Worth considering} 14. Ne5 $5 {with possible continuation} Qa4
15. Ra2 Nxe5 16. Qxe5 Nc6 (16... Bd7 17. O-O Be8 18. Bg4 Qd7 19. Re1 Bf7 20.
Raa1 Nc6 21. Qg3 Bg6 $13 {Lutz,C-Vallejo Pons,F/Bled ol 2002/1-0 (41)}) 17. Qc7
$5 $132 {with unclear consequencess.} (17. Qd6 $6 e5 $1 18. Qxd5+ Be6 19. Qe4
exd4 20. O-O Rd8 $17 {0-1 Ahn,M-Ivanov,S/EUR t-ch Halkidiki 2002/ (44)})) 14...
Bd7 $146 {New move.} ({It is interesting what white prepare in the case of} 
14... Ng6 $5 {[%cal Gg6f4] at least} 15. g5 Nf4 16. Qg4 e5 (16... h5 $5) 17.
Qg3 hxg5 18. dxe5 Rf5 19. Rg1 Nxe2 20. Kxe2 g4 $1 $36 {0-1 Vazquez,R-Reinaldo
Castineira,R/Havana Capablanca mem-C 2002 (38) leads to great game for Black})
15. g5 Be8 16. Qg4 (16. Qh3 hxg5 17. Nxg5 Bg6 $13) 16... h5 {Black chooses a
concrete principled fight, trying to punish White for a pretentious opening.} (
{He could make also brave move} 16... hxg5 {and it is very difficult for White
to get even shadow of advantage, for example:} 17. Qxg5 (17. h4 $5 gxh4 18.
Rxh4 Ng6 19. Rh2 e5 $5 $132) 17... Qa4 18. Bd1 Bg6 $13) 17. Qh3 Rf8 {[%cal
Ge8g6]} 18. Qxe6+ Bf7 19. Qh3 Rae8 {[%csl Re1] Finalised the development of
all pieces} 20. O-O (20. Kd1 Nc8 $5 {[%cal Gc8e4]}) 20... Ng6 {So natural is
not the best move.Worth considering} (20... Nf5 $5 {[%cal Gf5d6] with idea to
bring knight to e4 square and after} 21. Qxf5 $140 Be6 22. Qg6 Bg4 {[%cal
Re8e6] is is difficult to safe white's queen.}) 21. Rfe1 Re4 {[%csl Ga5,Ge4,
Gg6]} 22. Bf1 Rg4+ (22... Rxe1 23. Rxe1 Qxa3 24. Qd7 $13) {Inaccuracy!} 23. Kh1
$6 ({Neetotpal could play} 23. Bg2 $142 $5 Nf4 24. Bxf4 Rxf4 25. Ne5 $14 {
with initiative.}) 23... Nf4 24. Bxf4 Rxf4 25. Nh4 (25. Ne5 $5 Nxe5 26. Rxe5
Qa4 $132 (26... Rxf2 27. Bxc4 $1)) 25... Qd8 $1 (25... Rxf2 26. g6 Be8 27. Be2
$5) 26. g6 (26. Nf3 Bg6 27. Ne5 Nxe5 28. Rxe5 (28. Qe6+ Nf7 $1 29. Qxg6 Qxg5
30. Qxg5 Nxg5 $15 {[%csl Rf2]}) 28... Rg4 $36) 26... Qxh4 {Missing last
chances for advantage.} (26... Rxh4 $142 27. gxf7+ Rxf7 28. Qe6 (28. Re8+ Qxe8
29. Qxh4 Rf6 $1 $15) 28... Qc7 {with initiative.}) (26... Be8 $5 27. Ng2 (27.
Qe6+ Kh8 28. Ng2 R4f6 29. Qh3 Bxg6 $17) 27... R4f6 28. Ne3 Bxg6 29. Bg2 Ne7 30.
Rab1 $5 $13 {[%cal Gb1b5]}) 27. gxf7+ R8xf7 28. Re8+ (28. Qxh4 $5 Rxh4 29. Bg2)
28... Kh7 29. Qxh4 Rxh4 30. Kg1 Rg4+ (30... Rf3 31. Re3 Rxe3 32. fxe3 {[%csl
Rd5]}) 31. Bg2 Rf6 (31... Rf5 32. Re3 h4 33. h3 Rg6 34. Kh1 $13) 32. Kh1 Rxf2 {
Players made here peace agreement, but it looks that white could continue to
play without big risk, for example} (32... Rxf2 33. Bxd5 g6 (33... Rxc2 $6 34.
Be4+ Rxe4 35. Rxe4 Rxc3 36. d5 $16) 34. Rb1 $5 $14) 1/2-1/2

[Event "Bundesliga 0506"]
[Site "Germany"]
[Date "2005.11.12"]
[Round "3.2"]
[White "Jenni, Florian"]
[Black "Nikolic, Predrag"]
[Result "0-1"]
[WhiteElo "2502"]
[BlackElo "2584"]
[Annotator "Psakhis,L"]
[PlyCount "96"]
[EventDate "2005.10.21"]
[EventType "team-tourn"]
[EventRounds "15"]
[EventCountry "GER"]
[SourceTitle "CBM 110"]
[Source "ChessBase"]
[SourceDate "2006.01.31"]
[SourceVersion "1"]
[SourceVersionDate "2006.01.31"]
[SourceQuality "1"]
[WhiteTeam "Godesberg"]
[BlackTeam "Solingen"]
[WhiteTeamCountry "GER"]
[BlackTeamCountry "GER"]

1. e4 e6 2. d4 d5 3. Nc3 Bb4 4. e5 c5 5. a3 Bxc3+ 6. bxc3 Qc7 7. Nf3 b6 8. Bb5+
Bd7 9. Bd3 Ba4 (9... c4 10. Be2 Ba4 {leads to similiar positions, for example:}
11. Ng5 h6 12. Nh3 Nc6 13. O-O O-O-O (13... Nge7 14. f4 O-O-O 15. g4 f5 16. g5
Rdf8 17. Rf2 Nd8 18. Rg2 hxg5 19. Nxg5 Rh6 20. Be3 Nf7 21. Nf3 Ng6 22. Qd2 Rg8
23. Bf2 Qe7 24. Ra2 Nf8 25. h4 Rhh8 {0-1 Jimenez Albadalejo,M-Moskalenko,V 
(2509)/Barcelona Sants op 2001/ (60)}) 14. f4 f5 15. exf6 Nxf6 16. Nf2 g5 17.
g3 Rdg8 18. Bg4 Nxg4 19. Nxg4 Qe7 20. Qe2 h5 21. Ne5 Nxe5 22. Qxe5 gxf4 23.
Bxf4 Kb7 24. Rf2 Rh7 25. Re2 h4 26. Qd6 Qxd6 27. Bxd6 Rg6 28. Rf1 hxg3 {
1/2-1/2 Slaby,J (2400)-Moskalenko,V (2530)/Salou op 2005}) 10. Bf4 $146 (10. h4
$6 {allows small and typical combination-} cxd4 11. cxd4 Qc3+ 12. Bd2 Qxd3 $1
13. cxd3 Bxd1 14. Kxd1 Ne7 (14... h5 15. Rc1 Kd7 16. Rc2 Nc6 17. Be3 Nge7 18.
Kd2 Na5 19. Rb1 Nf5 20. g3 Rhc8 21. Rbb2 f6 22. Ke2 Rxc2+ 23. Rxc2 Rc8 24. Rxc8
Kxc8 {1/2-1/2 Herrera,I-Matamoros,C/Santa Clara-A 1997/ChessBase (42)}) 15. a4
Nbc6 16. a5 b5 17. Kc2 a6 18. Kb3 Nf5 $36 {Capia (2237)-Morot (2771)/Dos
Hermanas Internet 2002/ChessBase/0-1 (44) with clear advantage in endgame.}) (
10. O-O $5 Ne7 (10... c4 11. Be2 Ne7 12. g3 h6 13. Nh4 Nbc6 14. f4 g6 15. g4 h5
16. gxh5 O-O-O 17. Kh1 gxh5 18. f5 Nxf5 19. Nxf5 exf5 20. Rxf5 Qd7 21. Rxh5
Rxh5 22. Bxh5 Rg8 {1/2-1/2 Horvath,A (2455)-Johannessen,L (2290)/Wch B18
Marina d'Or 1998/ChessBase (41)}) 11. Re1 (11. Be3 Nd7 12. Ng5 h6 13. Qh5 g6
14. Nxe6 fxe6 15. Bxg6+ Kd8 16. Bf7 Nf8 17. Bxh6 Bxc2 18. Qg5 Bg6 19. Bxf8 Rxf8
20. Bxe6 Qc6 21. Bh3 Bf5 22. Bxf5 Rxf5 23. Qh4 Kd7 24. f4 Rg8 25. Ra2 cxd4 26.
cxd4 Qc3 27. Qf2 Rg4 28. Rc2 Qd3 29. Rd2 Qe4 {0-1 Goldberg,A (2385)-Haba,P 
(2495)/BL2 0001 2001/GER}) 11... h6 (11... Nd7 12. Bf4 h6 13. h4 O-O-O 14. Qb1
Kb7 15. Qb2 Rdg8 16. g3 Ng6 17. Bd2 c4 18. Bf1 Ndf8 19. Bg2 Ne7 20. Nh2 a5 21.
Nf1 Nf5 22. Ne3 Nxe3 23. Rxe3 Qe7 24. Rf3 Nd7 {1/2-1/2 Manca,F (2345)-Haba,P 
(2530)/AUT t-ch2 0203 2003/ChessBase (34)}) 12. Ra2 (12. Rb1 Nd7 13. Be3 a6 14.
Nh4 b5 15. Rb2 O-O-O 16. dxc5 Nc6 17. Qg4 Rdg8 18. Qe2 Ndxe5 19. Bf4 g5 20.
Bxe5 Nxe5 21. Qxe5 Qxe5 22. Rxe5 gxh4 {1/2-1/2 Bruzon,L (2569)-Johannessen,L 
(2427)/Linares Anibal op 2002/ (61)}) 12... Nd7 13. Nh4 O-O-O $5 14. g3 (14.
Qg4 g5) 14... Kb8 15. Rb2 Ka8 16. Ng2 Nc6 17. Qg4 Rhg8 (17... g5) 18. Be3 (18.
Bh7 $2 f5 19. exf6 Nxf6 $19) 18... c4 19. Bf1 (19. Bh7 $2 f5 20. exf6 Nxf6)
19... f5 $5 (19... Rde8 $13) 20. exf6 Nxf6 21. Qxe6 Rge8 {1/2-1/2 Ehlvest,J 
(2620)-Nikolic,P (2600)/Beograd 1989/ (44)}) 10... c4 11. Bf1 h6 12. h4 f5 $5 (
12... Ne7 $5) 13. h5 Qf7 14. Nh4 Ne7 15. Be2 Na6 $5 {[%cal Ga6c7,Gc7b5]} (15...
Nbc6 {[%cal Ge8c8]}) 16. g3 (16. Ng6 Nxg6 17. hxg6 Qe7 18. g4 O-O-O $132) 16...
O-O-O 17. Qc1 Nc7 18. Ng2 Kb7 19. Ne3 Qf8 20. Nd1 (20. Qb2 $5) 20... Rd7 21.
Nb2 Bc6 22. a4 a5 $1 {[%csl Ra4]} 23. Nd1 Ka7 24. Ne3 Qf7 25. Ng2 Rb8 26. f3 {
[%cal Gg3g4]} Rh8 {Position is more or less balanced, White has weaknesses on
the queenside , but they are well covered.} 27. g4 (27. Be3 $5 {[%cal Gg2f4,
Gg3g4]}) 27... fxg4 28. fxg4 Rf8 29. Rf1 Qg8 30. Qe3 (30. Qa3 $5) 30... Rf7 $5
{[%cal Gd7d8,Gd8f8]} 31. Kd2 Rd8 32. Nh4 (32. Rfb1 Rdf8) 32... Rdf8 (32... Qh7
$5) 33. g5 (33. Ng6 Nxg6 34. hxg6 Re7 {[%csl Rg6][%cal Gc6e8]}) 33... hxg5 34.
Bxg5 Rxf1 35. Rxf1 ({It is not easy to assess positions arising after} 35. Bxf1
Nf5 36. Nxf5 (36. Qh3 $5 Be8 37. Ng6 Bxg6 38. hxg6 Qh8 39. Re1 $5 Qxh3 $140 40.
Bxh3 Rh8 $2 (40... Ng3 $142 $132) 41. Bxf5 exf5 42. e6 {[%csl Ge6]}) 36... exf5
$5 $13 {[%cal Gc7e6]}) 35... Rxf1 36. Bxf1 Qe8 {[%cal Ge8h5,Oc6a4,Ge8a4]} 37.
Be2 (37. Bh3 Bxa4) 37... Bxa4 38. Qf4 Kb7 39. Bg4 b5 $5 {[%cal Gb5b4]} (39...
Bd7 $5 {[%cal Gb6b5]}) 40. Bxe7 $2 {The text move is artificial and throws
White into serious trouble. However, he has some problems anyway, for example:}
(40. Qf1 b4 41. Qa1 Nc8 $5 $15 {[%cal Gc8b6,Gc7b5]}) 40... Qxe7 41. Ng6 Qa3 $1
$19 {[%cal Rb5b4,Ra3b2]} 42. Bxe6 (42. Qe3 b4 43. Nf4 (43. cxb4 axb4 44. Qxa3
bxa3 45. Kc1 c3 46. Kb1 Bxc2+ $19) 43... Bxc2 $19) 42... b4 $1 43. Bxd5+ (43.
Qf3 Qxc3+ 44. Qxc3 bxc3+ 45. Kxc3 Nxe6) 43... Nxd5 44. Qf7+ Nc7 45. Qxc4 b3 $1
(45... Qxc3+ $6 46. Qxc3 bxc3+ 47. Kxc3 $17) 46. cxb3 (46. d5 bxc2) 46... Qb2+
47. Ke3 Bb5 48. Qg8 Qxc3+ 0-1

[Event "Czerniak Memorial 15th"]
[Site "Tel Aviv"]
[Date "1999.04.06"]
[Round "7"]
[White "Lutz, Christopher"]
[Black "Blees, Albert"]
[Result "1-0"]
[WhiteElo "2610"]
[BlackElo "2431"]
[Annotator "Psakhis,L"]
[PlyCount "65"]
[EventDate "1999.03.??"]
[EventType "tourn"]
[EventRounds "9"]
[EventCountry "ISR"]
[EventCategory "10"]
[SourceTitle "CBM 071"]
[Source "ChessBase"]
[SourceDate "1999.08.01"]
[SourceVersion "1"]
[SourceVersionDate "1999.08.01"]
[SourceQuality "1"]

1. e4 e6 2. d4 d5 3. Nc3 Bb4 4. e5 c5 5. a3 Bxc3+ 6. bxc3 Ne7 7. Qg4 Qc7 8.
Qxg7 Rg8 9. Qxh7 cxd4 10. Ne2 Nbc6 11. f4 dxc3 12. Qd3 b6 {Move was introduced
into practice by Hertneck in the end of 80 ties and never got big popularity.}
(12... Bd7 {is a main line}) 13. Nxc3 $5 (13. Rb1 d4 14. Nxd4 Nxd4 15. Qxd4 Bb7
16. Rb3 Nd5 17. Bb5+ Kf8 18. Rg1 Rd8 {0-1 Timmerman,G-Blees,A/Ostend 1993 (38)}
) 13... Nf5 14. Bb2 $1 {Much stronger than} (14. Bd2 Ncd4 15. Nb5 Nxb5 16.
Qxb5+ Bd7 17. Qb2 $13 {Howell,J-Hertneck,G/Groningen 1987 and black has good
compensation for the pawn.}) (14. g4 $5 Rxg4 15. Qh3 (15. Bh3 Nxe5 $1 16. fxe5
Qxe5+ $44) 15... Nxe5 $1 16. fxe5 Qxe5+ $44) 14... Ncd4 $6 {N/} ({White keeps
initiative after} 14... Qe7 15. O-O-O Bd7 16. Nb5 (16. Qxf5 $5 exf5 17. Nxd5
Qc5 18. Nf6+ Ke7 19. Rxd7+ Kf8 20. Rc7 $5 $44 {->}) 16... O-O-O 17. g4 $1 Rxg4
18. Bh3 Rxf4 19. Bxf5 exf5 20. Qxd5 $14 {1-0 Van der Wiel,J-Hertneck,G/
Groningen 1987/ but maybe it was less evil for black, than move in the text.})
(14... Bb7 $2 15. Nxd5) (14... Bd7 15. Nb5 $1 Qd8 16. Qh3 a6 17. g4 axb5 18.
gxf5 $16) (14... a6 $5 {/\ Na5, Bb7}) 15. O-O-O $16 {[%csl Rd4,Rf5][%cal Rh1g1,
Rg2g4]} (15. Nxd5 $6 Nxc2+ 16. Kd2 exd5 17. Rc1 Nfe3 18. Qxe3 Nxe3 19. Rxc7
Nxf1+ 20. Rxf1 Rxg2+ $11) 15... Bb7 (15... Qc5 $5 {[%cal Gc5g1]} 16. Nxd5 exd5
17. Bxd4 Nxd4 18. Qxd4 Qxa3+ 19. Kb1 $16) 16. Rg1 $1 Rc8 $6 (16... Qc5 {
Was the best move, but any case white,s adavntage is obvious after, for example
} 17. g4 $5 (17. Na4 Qc6 (17... Qxc2+ 18. Qxc2 Nxc2 19. Bb5+ Kd8 20. Kxc2 Ne3+
21. Kd2 Nxd1 22. Kxd1 $18) 18. Bxd4 Qxa4 19. Qb5+ Bc6 $5 $16) 17... Nc6 18. Rg2
Qe3+ (18... Ne3 19. Na4) 19. Kb1 Qxd3 20. Rxd3 Nh4 21. Rgg3 $16) 17. g4 Qc5 (
17... Nf3 18. gxf5 (18. Qxf3 d4 19. gxf5 $1 Rxg1 20. Bb5+ Kf8 21. Qd3 dxc3 22.
Rxg1 $16) 18... Nxg1 19. Nb5 Qd7 20. Nd6+ Kd8 21. Qe3 $1 $18 {[%csl Rg1]}) 18.
Bh3 Nf3 (18... Nc6 $5 19. Rge1) 19. Rgf1 N5d4 20. Kb1 $1 (20. Rxf3 Nxf3 21.
Qxf3 d4 $1 22. Qxb7 dxc3 23. Qd7+ (23. Ba1 Qxa3+ 24. Kb1 Qb4+ $11) 23... Kf8
24. Qd6+ Kg7 (24... Qxd6 $5) 25. Qxc5 cxb2+ 26. Kxb2 Rxc5 27. Bf1 $14) 20...
Rh8 (20... Nxh2 21. Rf2 $18) 21. Bg2 (21. Rxf3 $2 Nxf3 22. Qxf3 d4 23. Qxb7
dxc3) 21... Nxh2 (21... Nh4 22. Nxd5 Bxd5 23. Bxd4 Ba2+ 24. Kb2 $1 $18) 22. Rh1
$1 (22. Qxd4 Qxd4 23. Rxd4 Nxf1 24. Bxf1 Rh1 25. Rd1 $18 {was enough for
victory, but move in the text even stronger}) 22... Nc6 23. Nb5 (23. Qg3 $5 Na5
(23... Nd4 24. Rxh2 Rxh2 25. Qxh2 Nb5 26. Rd3) 24. Rxh2 Rxh2 25. Qxh2 Nc4 26.
Qh3 $18) 23... Qf2 24. Nd6+ Kd7 (24... Kf8 25. Qd2 $5 $18 (25. Nxc8 Qxg2 26.
Nd6 $18)) 25. Bxd5 $1 $18 {Quickest way to the victory} exd5 (25... Kc7 26.
Bxe6 fxe6 27. Ne4 $18) 26. Qf5+ Kd8 27. Qf6+ Kd7 28. Qxf7+ (28. Ne4 $1) 28...
Ne7 29. Nxc8 Rxc8 30. e6+ Kd8 (30... Kd6 31. Be5+) 31. Qf8+ Kc7 32. Be5+ Kc6
33. Qxe7 1-0